[Event "Perak UTP-ch U1800"]
[Site "Perak"]
[Date "2025.06.14"]
[Round "4"]
[White "Nordin, Muhd Syamsul Arif"]
[Black "Zakaria, Nur Izzuddin"]
[Result "1/2-1/2"]
[WhiteElo "1662"]
[BlackElo "1513"]
[PlyCount "133"]
[EventDate "2025.06.14"]
[EventType "swiss"]
[EventRounds "7"]
[EventCountry "MAS"]
[SourceTitle "CB25_2025"]
[SourceDate "2025.06.18"]
[SourceVersion "1"]
[SourceVersionDate "2025.06.18"]
[SourceQuality "1"]

1. e4 d6 2. d4 Nf6 3. Nc3 Nbd7 4. Nf3 e5 5. dxe5 dxe5 6. Bd3 Be7 7. 0-0 c6 8. Be3 Ng4 9. Bd2 0-0 10. h3 Ngf6 11. Re1 Qc7 12. a4 a5 13. Qe2 h6 14. Nh2 Nc5 15. Bc4 Re8 16. Ba2 Be6 17. Bxe6 Nxe6 18. Qc4 Nd4 19. Nb5 Nxb5 20. axb5 Qd7 21. Bxa5 cxb5 22. Qe2 Qc6 23. Bc3 Rxa1 24. Rxa1 Nxe4 25. Be1 Bc5 26. Kh1 Ng5 27. h4 Ne6 28. c3 Nf4 29. Qf1 e4 30. Ng4 Ng6 31. f3 Be7 32. fxe4 Bxh4 33. Bxh4 Nxh4 34. Nf2 Ng6 35. Ra5 Re5 36. Ra8+ Nf8 37. Qd3 Rh5+ 38. Kg1 Qc5 39. Qd8 b4 40. cxb4 Qxb4 41. Nd3 Qxe4 42. Qxf8+ Kh7 43. Qxf7 Qe3+ 44. Qf2 Qxd3 45. Ra1 Rf5 46. Qb6 Qe2 47. Qd4 b5 48. Rd1 b4 49. Qd3 Qf2+ 50. Kh2 Qf4+ 51. Kg1 g6 52. Qd7+ Rf7 53. Qd4 h5 54. b3 h4 55. Qd3 Kh6 56. Ra1 Re7 57. Qd8 Qe3+ 58. Kh1 Qe5 59. Rf1 Kh7 60. Qf8 Qe4 61. Rf4 Qe1+ 62. Rf1 Qe5 63. Qf3 Qg3 64. Qf8 Re1 65. Qf7+ Kh6 66. Qf8+ Kh5 67. Qh8+ 1/2-1/2

[Event "Perak UTP-ch U1800"]
[Site "Perak"]
[Date "2025.06.14"]
[Round "2"]
[White "Nurul Akma, Quzaina Khairolhisa"]
[Black "Zakaria, Nur Izzuddin"]
[Result "0-1"]
[WhiteElo "1678"]
[BlackElo "1513"]
[PlyCount "134"]
[EventDate "2025.06.14"]
[EventType "swiss"]
[EventRounds "7"]
[EventCountry "MAS"]
[SourceTitle "CB25_2025"]
[SourceDate "2025.06.18"]
[SourceVersion "1"]
[SourceVersionDate "2025.06.18"]
[SourceQuality "1"]

1. Nf3 d6 2. g3 e5 3. e4 Nf6 4. d3 Be7 5. Bg2 Nbd7 6. c3 c6 7. Qe2 a5 8. a4 Qc7 9. Na3 Nc5 10. Nc2 Nb3 11. Rb1 Nxc1 12. Rxc1 0-0 13. 0-0 h6 14. d4 Re8 15. Qd3 Be6 16. Ne3 Bf8 17. Nh4 Rad8 18. d5 Bc8 19. c4 Nd7 20. Rb1 Nc5 21. Qd1 Qb6 22. b3 g6 23. Kh1 Be7 24. Qc2 Na6 25. Nf3 Nb4 26. Qd2 Kh7 27. Ne1 Rf8 28. g4 Bg5 29. h3 Na6 30. Nf3 Bf4 31. Rfe1 Nc5 32. Ng1 Na6 33. Qc3 Nb4 34. Bf3 Na6 35. Re2 Nc5 36. Reb2 Na6 37. Ng2 Bg5 38. h4 Be7 39. Bd1 Nb4 40. Qg3 f5 41. h5 fxe4 42. hxg6+ Kg7 43. Nh3 cxd5 44. Re2 Qd4 45. cxd5 Rf3 46. Qh2 Bxg4 47. Re3 Bxh3 48. Bxf3 exf3 49. Rxf3 Bxg2+ 50. Qxg2 Bf6 51. Rc1 Nxd5 52. Qh3 Qe4 53. Rc4 Qxg6 54. Rg3 Bg5 55. Qg2 Qh5+ 56. Kg1 Nf4 57. Qxb7+ Kf6 58. Qc7 Ke6 59. Re4 Rd7 60. Qc8 Qd1+ 61. Kh2 Qh5+ 62. Kg1 Ne2+ 63. Rxe2 Qxe2 64. Qg8+ Rf7 65. Qe8+ Kf6 66. Qh8+ Ke7 67. Qb8 Qxf2+ 0-1

[Event "Perak UTP-ch U1800"]
[Site "Perak"]
[Date "2025.06.14"]
[Round "3"]
[White "Zakaria, Nur Izzuddin"]
[Black "Lim, Yi Zhe"]
[Result "1/2-1/2"]
[WhiteElo "1513"]
[BlackElo "1621"]
[PlyCount "88"]
[EventDate "2025.06.14"]
[EventType "swiss"]
[EventRounds "7"]
[EventCountry "MAS"]
[SourceTitle "CB25_2025"]
[SourceDate "2025.06.18"]
[SourceVersion "1"]
[SourceVersionDate "2025.06.18"]
[SourceQuality "1"]

1. Nf3 Nf6 2. d3 g6 3. e4 d6 4. Be2 Bg7 5. 0-0 0-0 6. c3 c5 7. a4 Nc6 8. Nbd2 Bg4 9. h3 Bxf3 10. Nxf3 Nd7 11. Bg5 h6 12. Bh4 Qb6 13. Qc2 g5 14. Bg3 Nce5 15. Nxe5 Nxe5 16. f4 Ng6 17. fxg5 hxg5 18. Kh1 e6 19. a5 Qd8 20. Qb3 Qe7 21. a6 b6 22. Rad1 Be5 23. Rf3 Kg7 24. d4 g4 25. Bxe5+ dxe5 26. Rg3 gxh3 27. gxh3 Qh4 28. Kg2 exd4 29. cxd4 cxd4 30. Rxd4 Rad8 31. Qd3 Qf6 32. e5 Qe7 33. h4 Kh8 34. Rg5 Rxd4 35. Qxd4 Qc5 36. Qg4 Qd5+ 37. Bf3 Qd2+ 38. Kh3 Qf4 39. Qxf4 Nxf4+ 40. Kg4 Nd3 41. Rh5+ Kg7 42. Rg5+ Kh8 43. Rh5+ Kg7 44. Rg5+ Kh8 1/2-1/2